Cálculo para un equipo de riego mecanizado por aspersión /
Guardado en:
| Autor Corporativo: | |
|---|---|
| Otros Autores: | |
| Formato: | Libro |
| Idioma: | Spanish |
| Publicado: |
Bahía Blanca :
Universidad Nacional del Sur, Departamento de Agronomía,
1981.
|
| Etiquetas: |
Agregar Etiqueta
Sin Etiquetas, Sea el primero en etiquetar este registro!
|
| LEADER | 00786nam a22001935a 4500 | ||
|---|---|---|---|
| 001 | EEA.libagro005238 | ||
| 005 | 20180928101732.0 | ||
| 008 | 130809s1981####ag#a##########000#0#spa#d | ||
| 082 | 0 | 4 | |a 631.7 |
| 082 | 0 | 4 | |a 631.3 |
| 245 | 1 | 0 | |a Cálculo para un equipo de riego mecanizado por aspersión / |c Carmen E. Fiorentino. |
| 260 | |a Bahía Blanca : |b Universidad Nacional del Sur, Departamento de Agronomía, |c 1981. | ||
| 300 | |a 11 [7] h. : |b il. ; |c 34 cm. | ||
| 500 | |a Guía de apoyo didáctico. | ||
| 700 | 1 | |a Fiorentino, Carmen E. | |
| 710 | 2 | |a Universidad Nacional del Sur. |b Departamento de Agronomía. | |
| 859 | |a AR-BbBCA |b BIB. AGRONOMIA |h 631.7 |i F518 |p 1996/2509 | ||
| 859 | |a AR-BbBCA |b BIB. AGRONOMIA |h 631.7 |i F518 |p 1996/2510 |t Ej.2 | ||
| 859 | |a AR-BbBCA |b BIB. AGRONOMIA |h 631.7 |i F518 |p 1996/2511 |t Ej.3 | ||
